Guatemala 1982: hacia una nueva farsa electoral (2) /

Guardado en:
書目詳細資料
主要作者: Pinzón, Lorenzo
格式: Texto
語言:Spanish
主題:
標簽: 添加標簽
沒有標簽, 成為第一個標記此記錄!

MARC

LEADER 00000 a a2200000 04500
001 18078
003 cru CIDCACS/IIS
005 20210428115333.0
008 191213b ||||| |||| 00| 0 spa d
040 |c cru CIDCACS/IIS 
100 |a Pinzón, Lorenzo  
245 1 |a Guatemala 1982:   |b hacia una nueva farsa electoral (2) /  |c Lorenzo Pinzón 
300 |a páginas 77-79 
500 |a Colección Centroamérica 
650 |a ELECCIONES  
650 |a POLITICA  
650 |a GUERRRA  
650 |a ECONOMIA  
650 |a GUATEMALA  
773 0 |0 42391  |9 4074  |a Agencia Latinoamericana de Información, ALAI  |d Quito, Ecuador: ALAI  |o 03964  |t ALAI:  |x 08275564 (Servicio mensual de información y documentación) 
942 |2 ddc  |c PP 
999 |c 42776  |d 42776